Normal view
MARC view
- Wilcox, David C.
Entry Personal Name
001 - CONTROL NUMBER
- control field: 1993
003 - CONTROL NUMBER IDENTIFIER
- control field: NUST
005 - DATE AND TIME OF LATEST TRANSACTION
- control field: 20170606104446.0
008 - FIXED-LENGTH DATA ELEMENTS
- fixed length control field: 170606|| aca||aabn | a|a d
040 ## - CATALOGING SOURCE
- Original cataloging agency: NUST
- Transcribing agency: NUST
100 ## - HEADING--PERSONAL NAME
- Personal name: Wilcox, David C.
670 ## - SOURCE DATA FOUND
- Source citation: Work cat.: (NUST)23689: Wilcox, David C., Turbulence modeling for CFD /, c1993.
